[Event "Mondariz Cemar op 2nd"]
[Site "Mondariz"]
[Date "2015.08.18"]
[Round "3"]
[White "Galvez Perez, Jose Luis"]
[Black "Del Prado Rodriguez, Xulio"]
[Result "1-0"]
[WhiteElo "1906"]
[BlackElo "1153"]
[PlyCount "47"]
[EventDate "2015.08.16"]
[EventType "swiss"]
[EventRounds "9"]
[EventCountry "ESP"]
[SourceTitle "EXT 2019"]
[Source "ChessBase"]
[SourceDate "2018.10.10"]
[SourceVersion "1"]
[SourceVersionDate "2018.10.10"]
[SourceQuality "1"]

1. d4 g6 2. e4 Bg7 3. Nc3 Nc6 4. Nf3 d6 5. Bb5 Nf6 6. d5 a6 7. Ba4 b5 8. Nxb5 axb5 9. Bxb5 0-0 10. Bxc6 Rb8 11. Qd3 Bd7 12. Nd4 Ng4 13. f4 e5 14. Bxd7 Qxd7 15. Nc6 Rb6 16. h3 Nh6 17. fxe5 dxe5 18. 0-0 Re8 19. b3 Qd6 20. Be3 Rb7 21. Qd2 Qf8 22. a4 f5 23. a5 Ra8 24. a6 1-0

[Event "St Casablanca la Constitucion 2nd"]
[Site "St Casablanca"]
[Date "2013.12.07"]
[Round "5.5"]
[White "Garcia Estruch, Jorge"]
[Black "Galvez Perez, Jose Luis"]
[Result "1-0"]
[WhiteElo "1847"]
[BlackElo "1952"]
[PlyCount "56"]
[EventDate "2013.12.06"]
[EventType "swiss"]
[EventRounds "7"]
[EventCountry "ESP"]
[SourceTitle "EXT 2024"]
[Source "ChessBase"]
[SourceDate "2023.10.10"]
[SourceVersion "1"]
[SourceVersionDate "2023.10.10"]
[SourceQuality "1"]

1. e4 g6 2. d4 Bg7 3. f4 c5 4. c3 d5 5. e5 cxd4 6. cxd4 Nc6 7. Nf3 Nh6 8. Bb5 0-0 9. Nc3 Bg4 10. Bxc6 bxc6 11. 0-0 Nf5 12. h3 Bxf3 13. Rxf3 Qb6 14. Ne2 h5 15. g4 hxg4 16. hxg4 Nh6 17. f5 Nxg4 18. Rb3 Qc7 19. Ng3 Nxe5 20. dxe5 Qxe5 21. Qg4 Qd4+ 22. Qxd4 Bxd4+ 23. Kg2 Kg7 24. Rb7 Rfe8 25. Bf4 Kf6 26. Rd1 Bb6 27. fxg6 fxg6 28. Rc1 d4 1-0

[Event "Aragon-chT Honor GrA"]
[Site "Aragon"]
[Date "2013.03.02"]
[Round "6.4"]
[White "Carruez Berges, Santiago"]
[Black "Galvez Perez, Jose Luis"]
[Result "1/2-1/2"]
[WhiteElo "2119"]
[BlackElo "1925"]
[PlyCount "109"]
[EventDate "2013.01.26"]
[EventType "team"]
[EventRounds "7"]
[EventCountry "ESP"]
[SourceTitle "EXT 2014"]
[Source "ChessBase"]
[SourceDate "2013.11.20"]
[SourceVersion "1"]
[SourceVersionDate "2013.11.20"]
[SourceQuality "1"]
[WhiteTeam "Agrupacion"]
[BlackTeam "Caissa Hermanos Cortes"]
[WhiteTeamCountry "ESP"]
[BlackTeamCountry "ESP"]

1. Nf3 g6 2. e4 Bg7 3. d4 d6 4. Be2 Nf6 5. Nc3 0-0 6. 0-0 a6 7. Bg5 Nc6 8. d5 Ne5 9. Nxe5 dxe5 10. Qd2 b5 11. f3 Ne8 12. a4 b4 13. Na2 a5 14. c3 bxc3 15. Nxc3 Nd6 16. Rfc1 f5 17. Bb5 Rb8 18. Be3 fxe4 19. fxe4 Bd7 20. Qd3 Qe8 21. Bxd7 Qxd7 22. Rc2 Rb4 23. Bc5 Rb3 24. Qe2 Bh6 25. Rf1 Rxf1+ 26. Kxf1 Bf4 27. g3 Bh6 28. Kg2 Nf7 29. Qc4 Rb8 30. Rf2 Nd6 31. Qd3 Qg4 32. Qf3 Qxf3+ 33. Kxf3 Bc1 34. Bxd6 cxd6 35. Nb5 Rf8+ 36. Ke2 Rxf2+ 37. Kxf2 Bxb2 38. Ke2 Kf7 39. Kd3 h5 40. Na7 Bd4 41. Nc6 Bb6 42. h3 e6 43. Kc4 Bc7 44. Na7 Ke7 45. g4 hxg4 46. hxg4 Kd7 47. Nb5 Bd8 48. Nc3 Bh4 49. Kb5 Be1 50. dxe6+ Kxe6 51. Nd5 Bd2 52. Kc6 Bb4 53. Kc7 Bc5 54. Kd8 Kf7 55. Kd7 1/2-1/2

[Event "Aragon-chT Preferente"]
[Site "Spain"]
[Date "2010.03.13"]
[Round "8.27"]
[White "Galvez Perez, Jose Luis"]
[Black "Quintin Navarro, Alberto"]
[Result "0-1"]
[WhiteElo "2005"]
[BlackElo "2047"]
[PlyCount "120"]
[EventDate "2010.01.23"]
[EventType "team-swiss"]
[EventRounds "12"]
[EventCountry "ESP"]
[SourceTitle "EXT 2013"]
[Source "ChessBase"]
[SourceDate "2012.11.22"]
[SourceVersion "1"]
[SourceVersionDate "2012.11.22"]
[SourceQuality "1"]
[WhiteTeam "Caissa Hermanos Cortes"]
[BlackTeam "St Casablanca II"]
[WhiteTeamCountry "ESP"]
[BlackTeamCountry "ESP"]

1. e4 c5 2. Nc3 Nc6 3. Bb5 e6 4. Bxc6 bxc6 5. d3 Nf6 6. f4 d5 7. Qe2 Ba6 8. e5 d4 9. exf6 dxc3 10. bxc3 Qxf6 11. Bd2 Bd6 12. Qe4 Rc8 13. Nf3 0-0 14. 0-0 c4 15. d4 c5 16. Ne5 Qe7 17. Qe2 Rfd8 18. Be3 cxd4 19. Bxd4 Bc5 20. Rad1 Bxd4+ 21. cxd4 Qa3 22. Qf3 c3 23. Rfe1 Qa4 24. Qf2 Bb7 25. f5 exf5 26. Qxf5 Qxa2 27. Nf3 Bxf3 28. gxf3 g6 29. Qd3 Qc4 30. Re7 a5 31. Qxc4 Rxc4 32. d5 Kg7 33. d6 a4 34. Ra7 h5 35. Kf2 g5 36. Rc7 Rxd6 37. Rxf7+ Kxf7 38. Rxd6 Rh4 39. Kg3 Rb4 40. Rc6 a3 41. Ra6 Rb2 42. Rxa3 Rxc2 43. Ra7+ Ke6 44. Rc7 Rc1 45. Rc5 Kd6 46. Rc8 Kd5 47. Kf2 Kd4 48. Rd8+ Kc4 49. Rg8 Kb3 50. Rxg5 c2 51. Rxh5 Rd1 52. Rc5 c1Q 53. Rxc1 Rxc1 54. h4 Kc4 55. Kg3 Kd5 56. Kg4 Ke6 57. Kg5 Rg1+ 58. Kh6 Kf6 59. h5 Rh1 60. f4 Rh2 0-1

[Event "Aragon-chT"]
[Site "Aragon"]
[Date "2008.02.02"]
[Round "1"]
[White "Galvez Perez, Jose Luis"]
[Black "Bailo Remacha, Santiago"]
[Result "0-1"]
[WhiteElo "2120"]
[BlackElo "2017"]
[PlyCount "72"]
[EventDate "2008.02.02"]
[EventType "team-swiss"]
[EventRounds "12"]
[EventCountry "ESP"]
[SourceTitle "EXT 2011"]
[Source "ChessBase"]
[SourceDate "2010.11.26"]
[SourceVersion "1"]
[SourceVersionDate "2010.11.26"]
[SourceQuality "1"]

1. d4 Nf6 2. Nf3 b6 3. e3 Bb7 4. Nbd2 g6 5. Bd3 d5 6. Ne5 Qd6 7. 0-0 Bg7 8. a4 a5 9. b3 0-0 10. Ba3 c5 11. f4 e6 12. Qf3 Nc6 13. c3 Rfc8 14. g4 Qc7 15. g5 Ne8 16. Rac1 Nd6 17. Ng4 Ne7 18. Qh3 Nef5 19. Nf3 Qd8 20. Nh4 Rc7 21. Nxf5 Nxf5 22. Bxf5 exf5 23. Ne5 Rac8 24. Qg2 cxd4 25. cxd4 Rxc1 26. Rxc1 Rxc1+ 27. Bxc1 Qc7 28. Bb2 Bf8 29. Qe2 Bb4 30. Qb5 Kf8 31. Nd7+ Kg7 32. Nf6 Qc2 33. Qxb6 Qb1+ 34. Kf2 Qxb2+ 35. Kf3 Qc1 36. Qd8 Qf1+ 0-1